Statistics for Movies By 1 Actor and 1 Actress - Matt Damon Edition

Click here to take the quiz!

General Stats

  • This quiz has been taken 18 times
  • The average score is 11 of 26

Answer Stats

CastMovie% Correct
George Clooney, Julia RobertsOcean's Eleven
94%
Franka Potente, Brian CoxThe Bourne Identity
82%
Leonardo DiCaprio, Vera FarmigaThe Departed
82%
Robin Williams, Minnie DriverGood Will Hunting
76%
Matthew McConaughey, Anne HathawayInterstellar
71%
Jessica Chastain, Michael PenaThe Martian
53%
Gwyneth Paltrow, Philip Seymour HoffmanThe Talented Mr. Ripley
53%
Christoph Waltz, Kristen WiigDownsizing
47%
Hailee Steinfeld, Jeff BridgesTrue Grit
47%
Scarlett Johansson, Thomas Haden ChurchWe Bought a Zoo
47%
Jodie Foster, Diego LunaElysium
41%
Viola Davis, Chris TuckerAir
35%
Laurence Fishburne, Kate WinsletContagion
35%
Alan Rickman, Salma HayekDogma
35%
Christian Bale, Catriona BalfeFord v Ferrari
35%
Morgan Freeman, Adjoa AndohInvictus
35%
Abigail Breslin, William NadylamStillwater
35%
Denzel Washington, Meg RyanCourage Under Fire
29%
Tommy Lee Jones, Alicia VikanderJason Bourne
29%
Cillian Murphy, Emily BluntOppenheimer
29%
Angelina Jolie, Robert De NiroThe Good Shepherd
29%
Will Smith, Charlize TheronThe Legend of Bagger Vance
24%
Danny DeVito, Virginia MadsenThe Rainmaker
24%
Bryce Dallas Howard, Jay MohrHereafter
18%
Julianne Moore, Oscar IsaacSuburbicon
18%
George Clooney, Amanda PeetSyriana
18%

Score Distribution

Percentile by Number Answered

Percent of People with Each Score

Your Score History

You have not taken this quiz